Out of bounds / (Record no. 1209)

MARC details
000 -LEADER
fixed length control field 01617cam a22003013a 4500
005 - DATE AND TIME OF LATEST TRANSACTION
control field 20231124102618.0
020 ## - INTERNATIONAL STANDARD BOOK NUMBER
International Standard Book Number 078073003990
040 ## - CATALOGING SOURCE
Original cataloging agency OCO
Transcribing agency OCO
Modifying agency OCLCQ
-- DLC
Language of cataloging eng
050 00 - LIBRARY OF CONGRESS CALL NUMBER
Classification number PZ7
082 ## - DEWEY DECIMAL CLASSIFICATION NUMBER
Classification number 158
100 1# - MAIN ENTRY--PERSONAL NAME
Personal name Lanier, Bob
Dates associated with a name 1948-
245 10 - TITLE STATEMENT
Title Out of bounds /
Statement of responsibility, etc. by Bob Lanier and Heather Goodyear ; illustrated by Desire Grover.
250 ## - EDITION STATEMENT
Edition statement First printing, June 2003
260 ## - PUBLICATION, DISTRIBUTION, ETC.
Place of publication, distribution, etc. New York :
Name of publisher, distributor, etc. Scholastic,
Date of publication, distribution, etc. 2003
300 ## - PHYSICAL DESCRIPTION
Extent 69 pages :
Other physical details illustrations ;
Dimensions 20 cm
490 0# - SERIES STATEMENT
Series statement Hey L'il D! ;
Volume/sequential designation Book 4
505 ## - FORMATTED CONTENTS NOTE
Formatted contents note R <br/>
520 ## - SUMMARY, ETC.
Summary, etc. Little Apple shoots and scores with these new early chapter books! Loosely based on NBA all-star Bob Lanier's childhood adventures, the series teaches valuable life lessons through amusing stories. Swish! L'il Dobber shoots and scores--he's a basketball star in training. In fact, the only thing L'il Dobber and his friends like more than shooting hoops at recess is... shooting hoops after school! They're always tossing that ball around in the neighborhood. It's a lot of fun - especially since they're friends with everyone on the block. Everyone, that is, except Mr. Palmer. Mr. Palmer lives next door to L'il D, and he's always causing trouble. It seems like he'd do anything to spoil their fun! Even take their basketball away...?
521 ## - TARGET AUDIENCE NOTE
Target audience note 700 <br/>
Source Lexile <br/>
521 ## - TARGET AUDIENCE NOTE
Target audience note R <br/>
Source Raz-Plus <br/>
655 #7 - INDEX TERM--GENRE/FORM
Genre/form data or focus term Children's stories.
Source of term lcsh
655 #7 - INDEX TERM--GENRE/FORM
Genre/form data or focus term Sports stories.
Source of term lcsh
700 1# - ADDED ENTRY--PERSONAL NAME
Personal name Goodyear, Heather
Relator term coauthor
700 1# - ADDED ENTRY--PERSONAL NAME
Personal name Grover, Desire
Relator term illustrator
906 ## - LOCAL DATA ELEMENT F, LDF (RLIN)
a 7
b cbc
c copycat
d 2
e ncip
f 20
g y-genrareb
942 ## - ADDED ENTRY ELEMENTS (KOHA)
Source of classification or shelving scheme Dewey Decimal Classification
Koha item type Books
Suppress in OPAC No
999 ## -
-- 1209
-- 1209
Holdings
Withdrawn status Lost status Source of classification or shelving scheme Damaged status Not for loan Collection Home library Current library Shelving location Date acquired Total Checkouts Full call number Barcode Date due Date last seen Date last checked out Copy number Price effective from Koha item type
    Dewey Decimal Classification     Juvenile Fiction Footprints International School Library Network Toul Kork Campus Footprints International School Library Network Toul Kork Campus   11/14/2023   LAN 158 PZ7 FISTK00200   11/14/2023   3 11/14/2023 Books
    Dewey Decimal Classification     Juvenile Fiction Footprints International School Library Network Toul Kork Campus Footprints International School Library Network Toul Tom Poung Campus   08/08/2023 1 LAN 158 PZ7 FIS00874 04/15/2026 04/01/2026 04/01/2026 1 08/08/2023 Books
    Dewey Decimal Classification     Juvenile Fiction Footprints International School Library Network Toul Kork Campus Footprints International School Library Network Toul Tom Poung Campus   08/08/2023 2 LAN 158 PZ7 FISBK00252   03/11/2026 02/25/2026 2 08/08/2023 Books